000 00332nam a2200133Ia 4500
008 231129s1961||||xx |||||||||||||| ||spa||
040 _bspa
082 _a923.14 C828m
100 _aCortes Cavanillas J.
245 0 _aMaria Cristina de Austria : Madre de Alfonso XIII
260 _c1961
264 _aJuventud
942 _2ddc
_cBKS
999 _c20654
_d20654